000 00473nam a22001577a 4500
003 OSt
005 20151101083520.0
008 151101b xxu||||| |||| 00| 0 eng d
040 _cRUA
082 _aFOR លឹម 1989 B115 Or.1
100 _93096
_aលឹម រស់
245 _aសុវុឌ្ឍីកម្មរោងចក្រអារឈើព្រែកព្នៅ
260 _aPhnopm Penh
_bRUA
_c1989
300 _a116p.
_bill.
_c29cm.
942 _2ddc
_cFIS
999 _c2885
_d2885